[Event "Twente Young Master op-C"]
[Site "Twente"]
[Date "2007.08.07"]
[Round "3"]
[White "Kluiters, Maarten"]
[Black "Twigt, Nikki"]
[Result "0-1"]
[WhiteElo "834"]
[BlackElo "1333"]
[PlyCount "50"]
[EventDate "2007.08.06"]
[EventType "swiss"]
[EventRounds "9"]
[EventCountry "NED"]
[SourceTitle "EXT 2008"]
[Source "ChessBase"]
[SourceDate "2007.11.25"]
[SourceVersion "1"]
[SourceVersionDate "2007.11.25"]
[SourceQuality "1"]

1. e4 e5 2. Nf3 Nc6 3. Nc3 Bc5 4. Bc4 Nf6 5. 0-0 d6 6. d3 Bg4 7. Bg5 0-0 8. Nd5 Nd4 9. Nxf6+ gxf6 10. Bh6 Re8 11. Kh1 Qe7 12. c3 Nxf3 13. gxf3 Bh5 14. Rg1+ Kh8 15. Qf1 Bxf3+ 16. Rg2 Bxg2+ 17. Qxg2 Rg8 18. Qf3 Rg6 19. Qh5 Bxf2 20. Rf1 Bb6 21. d4 exd4 22. cxd4 Bxd4 23. Bd3 Rag8 24. e5 Rg1+ 25. Rxg1 Rxg1# 0-1

[Event "Twente Young Master op-C"]
[Site "Twente"]
[Date "2007.08.07"]
[Round "2"]
[White "Paans, Johnny"]
[Black "Kluiters, Maarten"]
[Result "1-0"]
[WhiteElo "1411"]
[BlackElo "834"]
[PlyCount "47"]
[EventDate "2007.08.06"]
[EventType "swiss"]
[EventRounds "9"]
[EventCountry "NED"]
[SourceTitle "EXT 2008"]
[Source "ChessBase"]
[SourceDate "2007.11.25"]
[SourceVersion "1"]
[SourceVersionDate "2007.11.25"]
[SourceQuality "1"]

1. e4 e5 2. Nf3 Nc6 3. Bc4 Bc5 4. 0-0 Nf6 5. Nc3 0-0 6. d3 Ng4 7. Ng5 Bxf2+ 8. Rxf2 Nxf2 9. Kxf2 Qf6+ 10. Kg1 Kh8 11. Qh5 h6 12. Nxf7+ Kh7 13. Nd5 Qg6 14. Ng5+ Qxg5 15. Bxg5 d6 16. Nxc7 Rb8 17. Be6 Bxe6 18. Nxe6 Rbe8 19. Nxf8+ Rxf8 20. c3 g6 21. Qxh6+ Kg8 22. Qxg6+ Kh8 23. Rf1 Rg8 24. Bf6+ 1-0